Statistics for Identify the Language on the World Map

Click here to take the quiz!

General Stats

  • This quiz has been taken 39,145 times
  • The average score is 12 of 18

Answers on the Map

Answers color-coded by a green-red scale on the quiz's map according to % correct below.
 

Answer Stats

Answer% Correct
Yesterday, he went to his job to build a red car.
92%
Hier, il est allé à son travail pour construire une voiture rouge.
84%
Ayer fue a su trabajo para construir un auto rojo.
81%
Ieri è andato al suo lavoro per costruire una macchina rossa.
81%
Gestern ging er zu seiner Arbeit, um ein rotes Auto zu bauen.
80%
Al-bariha dhahaba 'iilaa wazifatih libina'i sayaaratin hamraa'a.
77%
Wczoraj poszedł do swojej pracy, aby zbudować czerwony samochód.
76%
Kinō kare wa akai kuruma o tsukuru tame ni shigoto ni ikimashita.
71%
Gisteren ging hij naar zijn werk om een rode auto te bouwen.
69%
Dün kırmızı bir araba yapmak için işine gitti.
67%
Vchera on poshel na rabotu, chtoby postroit' krasnuyu mashinu.
67%
Zuótiān tā qù shàngbān qù zào yí liàng hóngsè de qìchē.
67%
Eilen hän meni työpaikalleen rakentamaan punaista autoa.
59%
I nehinei ua hele ʻo ia i kāna hana e hana i kaʻa ʻulaʻula.
59%
Í gær fór hann í vinnuna sína að smíða rauðan bíl.
58%
Eoje geuneun ppalgan chaleul mandeulgi wihae jigjang-e gassda.
48%
Jana alienda kazini kwake kujenga gari jekundu.
47%
Kal voh laal rang ki gaadi banaane apne kaam par gaya tha.
46%

Score Distribution

Percentile by Number Answered

Percent of People with Each Score

Your Score History

You have not taken this quiz